Návrh systému manažérstva uvoľňovania zamestnancov v podniku

Salvato in:
Dettagli Bibliografici
Autore principale: Benešová, Renáta (Autore)
Altri autori: Sablik, Jozef (Relatore della tesi)
Natura: Manoscritto Libro
Lingua:slovacco
Pubblicazione: 2017
Soggetti:
Accesso online:http://is.stuba.sk/zp/portal_zp.pl?podrobnosti=126141
Tags: Aggiungi Tag
Nessun Tag, puoi essere il primo ad aggiungerne!!

MARC

LEADER 00000ntm a22000003a 4500
001 stuzp63800
003 SK-STU
005 20170603210739.2
007 ta
008 150427s2015----xo-----f-mn---000-0-slo-d
040 |a STU  |b slo 
041 0 |a slo 
100 1 |a Benešová, Renáta  |u 064000  |k Z4  |4 aut  |U MTF Materiálovotechnologická fakulta  |T MTF Ústav priemyselného inžinierstva a manažmentu  |X 70252  |U M4000  |Y 84  |7 70252 
242 0 1 |a A draft of the release management of employees in the enterprise  |y eng 
245 1 0 |a Návrh systému manažérstva uvoľňovania zamestnancov v podniku 
260 |c 2017 
650 4 |a ukončenie pracovného pomeru  |2 slo 
650 4 |a uvoľňovanie zamestnancov  |2 slo 
650 4 |a outplacement  |2 slo 
650 4 |a fluktuácia zamestnancov  |2 slo 
650 4 |a the release of the employees  |2 eng 
650 4 |a the termination of employment  |2 eng 
650 4 |a staff turnover  |2 eng 
650 4 |a outplacement  |2 eng 
700 1 |a Sablik, Jozef  |u 064000  |k Z1  |4 ths  |U MTF Materiálovotechnologická fakulta  |T MTF Ústav priemyselného inžinierstva a manažmentu  |X 324  |U M4000  |Y 84  |7 A000000324 
856 4 |u http://is.stuba.sk/zp/portal_zp.pl?podrobnosti=126141 
996 |c M* DP-13187  |l MMSKP  |s P  |a 0  |w stuzp63800_0001